000 00487nam a2200181Ia 4500
005 20250508153221.0
008 008 250505s9999 xx 000 0 eng d
037 _aTextual
040 _aFEDL
_beng
_cFEDL
041 _aeng
_2eng
084 _a591, MCC
_qFEDL
100 _aMcCarthy Agnes
_9763432
245 0 _aGiant animals of long ago
260 _aEnglewood Cliffs
_bPrentice-Hall
_c1963
300 _a63p.
942 _cTEXL
_h591, MCC
999 _c1341325
_d1341325